Analysis and synthesis of translinear integrated circuits /

Bibliographic Details
Main Author: Seevinck, Evert
Format: Book
Language:English
Published: Amsterdam ; New York : Elsevier, 1988.
Series:Studies in electrical and electronic engineering ; 31.
Subjects:

MARC

Tag First Indicator Second Indicator Subfields
LEADER 00000cam a22000008a 4500
001 in00000010225
005 20151006080023.0
008 870902s1988 ne a b 00110 eng
010 |a  87024590  
020 |a 0444428887 :  |c fl 150.00 (est.) 
035 |a (OCoLC)16717052 
035 |9 AAA2425AM 
040 |a DLC  |c DLC  |d TXA  |d UtOrBLW 
049 |a TXAM  |c [A12619210] 
050 0 0 |a TK7874  |b .S412 1988 
082 0 |a 621.381/73  |2 19 
100 1 |a Seevinck, Evert. 
245 1 0 |a Analysis and synthesis of translinear integrated circuits /  |c Evert Seevinck. 
264 1 |a Amsterdam ;  |a New York :  |b Elsevier,  |c 1988. 
300 |a xiii, 238 pages :  |b illustrations 
336 |a text  |b txt  |2 rdacontent 
337 |a unmediated  |b n  |2 rdamedia 
338 |a volume  |b nc  |2 rdacarrier 
490 1 |a Studies in electrical and electronic engineering ;  |v 31 
504 |a Bibliography: pages 225-232. 
500 |a Includes index. 
650 0 |a Linear integrated circuits. 
740 0 |a Translinear integrated circuits. 
830 0 |a Studies in electrical and electronic engineering ;  |v 31. 
999 |a MARS 
999 f f |s 4464d737-b5a3-31dc-9e87-a7586eb200d5  |i 3f0c2152-e8b3-3e1d-bbbb-4f968148ef79  |t 0 
952 f f |p ric  |a Texas A&M University  |b Rellis Campus  |c Joint Library Facility  |d Remote Storage  |t 0  |e TK7874 .S412 1988  |h Library of Congress classification  |i unmediated -- volume  |m A14812619210 
998 f f |a TK7874 .S412 1988  |t 0  |l Remote Storage